000 06325cam a22018854i 4500
003 PE-LiUPU
005 20250813165800.0
008 150706s2003 ag a rb 000 0 spa d
020 _a9500204053
020 _a9789500204057
035 _a(Sirsi) i9789500204057
040 _aPE-LiUPU
_bspa
_cPE-LiUPU
_dPE-LiUPU
_erda
049 _aPRUA
082 0 4 _a641
_bG53
_221
100 1 _aGirolami, Danielo H. de,
_eautor.
245 1 0 _aFundamentos de valoración nutricional y composición corporal /
_cDaniel H. de Girolami.
264 1 _aBuenos Aires :
_bEl Ateneo,
_c2003.
300 _a483 páginas :
_bilustraciones ;
_c23 centímetros
336 _atext
_2rdacontent
337 _aunmediated
_2rdamedia
338 _avolume
_2rdacarrier
504 _aIncluye bibliografía.
505 0 _aEl área de evaluación nutricional -- Semiología de los metabolismos -- Balances nutricionales -- Intercambio energético -- Metabolismo glucémico -- Metabolismo proteico -- Metabolismo lípido -- Metabolismo y balance vitamínico -- Metabolismo y balance mineral -- Estudios enzimáticos y hormonales -- Pruebas de función renal -- Estudios funcionales de la excreción -- Parámetros inmunológicos -- Composición corporal -- Investigación de la composición corporal -- Mediciones antropométricas -- Evaluación antropométrica -- Evaluación nutricional por fraccionamiento antropométrico -- Métodos complementarios -- Valoración del estado de nutrición (VEN) -- Anamnesis alimentaria y cálculo de la ingesta -- Examen físico nutricional -- Determinación del estado nutricional del individuo -- Determinación del estado de nutrición en poblaciones -- Sistematización de la VEN e informe nutricional -- La evaluación nutricional en diversas situaciones clínicas -- Diabetes -- Obesidad y sobrepeso -- Anorexia y bulimia -- Paciente crítico -- HIV y sida -- Infancia, niñez y adolescencia -- Ancianidad -- Embarazo y lactancia -- Actividad física y deportiva -- Tablas y gráficas.
526 _aP203
526 _aP200
526 _aSEG65
526 _aSEG64
526 _aSEG63
526 _aSEG62
526 _aSEG61
526 _aSEG60
526 _aSEG59
526 _aSEG58
526 _aSEG57
526 _aSEG56
526 _aSEG55
526 _aSEG54
526 _aSEG53
526 _aSEG52
526 _aSEG51
526 _aSEG50
526 _aSEG49
526 _aSEG48
526 _aSEG47
526 _aSEG46
526 _aSEG24
526 _aSEG23
526 _aSEG22
526 _aSEG21
526 _aSEG20
526 _aSEG19
526 _aSEG18
526 _aSEG17
526 _aSEG16
526 _aSEG14
526 _aSEG13
526 _aSEG12
526 _aSEG11
526 _aSEG10
526 _aSEG09
526 _aSEG06
526 _aSEG05
526 _aSEG04
526 _aSEG03
526 _aSEG02
526 _aSEG68
526 _aSEG66
526 _aSEG45
526 _aSEG25
526 _aSEG01
526 _aP163
526 _aP162
526 _aP161
526 _aP160
526 _aP159
526 _aP158
526 _aP157
526 _aP156
526 _aP155
526 _aP154
526 _aP153
526 _aP152
526 _aP151
526 _aP150
526 _aP149
526 _aP142
526 _aP141
526 _aP140
526 _aP139
526 _aP138
526 _aP137
526 _aP132
526 _aP131
526 _aP130
526 _aP126
526 _aP125
526 _aP124
526 _aP123
526 _aP115
526 _aP122
526 _aP121
526 _aP116
526 _a P114
526 _aP112
526 _aP111
526 _aP104
526 _aP103
526 _aP102
526 _aP101
526 _aP100
526 _aP96
526 _aP95
526 _aP93
526 _aP92
526 _aP91
526 _aP88
526 _aP83
526 _aP82
526 _aP79
526 _aP78
526 _aP75
526 _aP74
526 _aP71
526 _aP69
526 _a P51
526 _aP49
526 _aP48
526 _aP47
526 _aP33
526 _aP31
526 _a P30
526 _aP29
526 _aP27
526 _aP26
526 _aP25
526 _aP24
526 _a P22
526 _aP10
526 _aP09
526 _a P08
526 _aP06
526 _aP05
526 _aP04
526 _aP01
541 _g015-0011197;
541 _g015-0011193;
650 0 4 _aAlimentos.
_91965
910 _agl
_bjv
_cjvm
_d20100302
942 _2ddc
_cBOOK
949 _a641 G53
_wDEWEY
_c1
_i61184
_lCCODEBUL1
_mBUL
_p33.00
_r0
_sY
_tBOOK
_u2015-7-6
_xSALUD
_PP31
_0COMPRA
_o.STAFF. Colección Ciencias de la Salud
949 _a641 G53
_wDEWEY
_c2
_i61167
_d2016-10-10
_e2016-10-4
_lCCODEBUL1
_mBUL
_n3
_p33.00
_r0
_sY
_tBOOK
_u2015-7-6
_xSALUD
_PP22
_0COMPRA
_o.STAFF. Colección Ciencias de la Salud
949 _a641 G53
_wDEWEY
_c3
_i61168
_d2016-6-19
_e2016-6-19
_lCCODEBUL1
_mBUL
_n1
_p33.00
_r0
_sY
_tBOOK
_u2015-7-6
_xSALUD
_PP22
_0COMPRA
_o.STAFF. Colección Ciencias de la Salud
949 _a641 G53
_wDEWEY
_c4
_i61183
_lCCODEBUL1
_mBUL
_p33.00
_r0
_sY
_tBOOK
_u2015-7-6
_xSALUD
_PP31
_0COMPRA
_o.STAFF. Colección Ciencias de la Salud
994 _aC0
_bPEPRU
596 _a1
999 _a641 G53
_wDEWEY
_c50454
_i61184
_d50454
_e2017-3-24
_f2021-11-4
_g5
_lCCODEBUL1
_mBUL
_n1
_p33.00
_q3
_r0
_sY
_tBOOK
_u2015-7-6
_xSALUD
_zP31
_0COMPRA
_o.STAFF. Colección Ciencias de la Salud
999 _a641 G53
_wDEWEY
_c2
_i61167
_d2016-10-10
_e2016-10-4
_f2021-11-4
_g5
_lCCODEBUL1
_mBUL
_n3
_p33.00
_r0
_sY
_tBOOK
_u2015-7-6
_xSALUD
_zP22
_0COMPRA
_o.STAFF. Colección Ciencias de la Salud
999 _a641 G53
_wDEWEY
_c3
_i61168
_d2016-6-19
_e2016-6-19
_f2021-11-4
_g5
_lCCODEBUL1
_mBUL
_n1
_p33.00
_r0
_sY
_tBOOK
_u2015-7-6
_xSALUD
_zP22
_0COMPRA
_o.STAFF. Colección Ciencias de la Salud
999 _a641 G53
_wDEWEY
_c4
_i61183
_d2019-6-17
_e2017-9-5
_f2021-11-4
_g5
_lCCODEBUL1
_mBUL
_n1
_p33.00
_q1
_r0
_sY
_tBOOK
_u2015-7-6
_xSALUD
_zP31
_0COMPRA
_o.STAFF. Colección Ciencias de la Salud
980 _81
_gALBERTO SANCHEZ Responsable de Automatización